| 000 | 00961cam a2200325I 4500 | ||
|---|---|---|---|
| 001 | 17433 | ||
| 003 | BD-RjUL | ||
| 005 | 20211209000134.0 | ||
| 008 | 191116s1959 nyua 001 0 eng c | ||
| 035 | _a(BD-RjUL)17491 | ||
| 040 |
_aKSU _cKSU _dOCLCQ _dMYG _beng |
||
| 041 | _aeng | ||
| 049 | _aMYGG | ||
| 082 |
_223 _a665.5385 _bBEA 1959 |
||
| 090 | _aTP690.B45x 1945 | ||
| 100 | 1 |
_aBell, Harold Sill, _d1889- _9235067 |
|
| 245 | 1 | 0 |
_aAmerican petroleum refining/ _cby H.S. Bell ... |
| 250 | _aFourth Edition | ||
| 260 |
_aNew York : _bD. Van Nostrand Co., _c1959 |
||
| 300 |
_aix, 538 p. : _billus. ; _c24 cm. |
||
| 650 | 0 |
_aPetroleum _xRefining. _9235068 |
|
| 910 | _aOCLCTechPro DDC Recon | ||
| 942 |
_2ddc _cBK |
||
| 946 | _at | ||
| 949 | 0 |
_ac _bRSC _cHDC _o0 _p39080024631019 _x15 _yHDC ITEM _hTP690.B45x 1945 |
|
| 999 |
_c17433 _d17433 |
||